U.S. Counties by Clue #3 - Statistics

General Stats
  • This quiz has been taken 22 times
  • The average score is 18 of 26
Answer Stats
Clue Answer % Correct
Named after the Wyoming capital {Cheyenne} County, Kansas
100%
The most populous county in Florida {Miami-Dade} County, Florida
100%
Where Cleveland is {Cuyahoga} County, Ohio
90%
A game of Truth or ____? {Dare} County, North Carolina
90%
Multiply and ______ {Divide} County, North Dakota
90%
___ and the Beanstalk {Jack} County, Texas
90%
The opposite of hate {Love} County, Oklahoma
90%
Named after the state under Washington {Oregon} County, Missouri
90%
This tree's scientific name is Pinus {Pine} County, Minnesota
90%
Known for Sin City {Clark} County, Nevada
80%
Contains nearly 60% of this small state's population {New Castle} County, Delaware
80%
Contains Boston {Suffolk} County, Massachusetts
80%
Named after the country known for being neutral {Switzerland} County, Indiana
80%
Many people drink this to increase their energy {Coffee} County, Alabama
70%
Aaron Burr shot this Founding Father dead {Hamilton} County, New York
70%
A well known long-distance foot race {Marathon} County, Wisconsin
70%
Where almost all people live on the Keys {Monroe} County, Florida
70%
Also known as 'crude oil' {Petroleum} County, Montana
70%
The background color {White} County, Arkansas
70%
Named after the only Confederate president {Jefferson Davis} County, Mississippi
60%
Means laughing water in the Sioux language {Minnehaha} County, South Dakota
50%
Has the highest median household income {Loudoun} County, Virginia
40%
Where the Mayo Clinic is located {Olmsted} County, Minnesota
30%
Had the highest death rate from drugs in 2015 {McDowell} County, West Virginia
20%
Its' county seat is Truth or Consequences {Sierra} County, New Mexico
20%
Has the highest African-American population {Clairborne} County, Mississippi
10%
No matching quizzes found
Score Distribution
Percent of People with Each Score
Percentile by Number Answered
Your Score History
You have not taken this quiz